[Event "EYCC 2017"]
[Site "Mamaia"]
[Date "2017.09.06"]
[Round "2"]
[White "Novomeska, Karin"]
[Black "Svergina, Sofya"]
[Result "0-1"]
[WhiteElo "1116"]
[BlackElo "1472"]
[Annotator "NA"]
[PlyCount "118"]
[EventDate "2017.??.??"]
[EventType "swiss"]
[EventCountry "ROU"]
[SourceTitle "playchess.com"]
[Source "ChessBase"]
[SourceQuality "1"]
[TimeControl "40/5400+30:1800+30"]

1. d4 {[%emt 0:00:00]} Nf6 {[%emt 0:00:08]} 2. c4 {[%emt 0:00:00]} e6 {[%emt 0:00:05]} 3. Bg5 {[%emt 0:00:00]} b6 {[%emt 0:02:27]} 4. Nc3 {[%emt 0:00:28]} Bb4 {[%emt 0:06:27]} 5. a3 {[%emt 0:02:14]} Bxc3+ {[%emt 0:00:07]} 6. bxc3 {[%emt 0:00:08]} h6 {[%emt 0:00:40]} 7. Bh4 {[%emt 0:00:11]} Bb7 {[%emt 0:02:16]} 8. e3 {[%emt 0:01:37]} d6 {[%emt 0:03:01]} 9. Nf3 {[%emt 0:00:45]} Nbd7 {[%emt 0:00:51]} 10. Be2 {[%emt 0:13:04]} O-O {[%emt 0:03:24]} 11. O-O {[%emt 0:00:18]} c5 {[%emt 0:05:26]} 12. Re1 {[%emt 0:14:16]} Qc7 {[%emt 0:04:43]} 13. Bd3 {[%emt 0:06:46]} Ne4 {[%emt 0:06:30]} 14. Rc1 {[%emt 0:06:27]} Rac8 {[%emt 0:05:31]} 15. Qc2 {[%emt 0:02:12]} d5 {[%emt 0:02:21]} 16. cxd5 {[%emt 0:03:00]} exd5 {[%emt 0:00:13]} 17. Re2 {[%emt 0:04:34]} Rfe8 {[%emt 0:04:31]} 18. c4 {[%emt 0:01:47]} dxc4 {[%emt 0:10:56]} 19. Bxc4 {[%emt 0:03:00]} Nd6 {[%emt 0:02:28]} 20. Bg3 {[%emt 0:06:49]} Bxf3 {[%emt 0:00:43]} 21. gxf3 {[%emt 0:00:11]} Nf6 22. e4 {[%emt 0:02:13]} Nh5 {[%emt 0:07:49]} 23. Be5 {[%emt 0:01:47]} Qe7 {[%emt 0:04:13]} 24. Qd2 {[%emt 0:06:23]} cxd4 {[%emt 0:01:33]} 25. Qxd4 {[%emt 0:02:21]} Qxe5 {[%emt 0:01:07]} 26. Qxe5 {[%emt 0:01:43]} Rxe5 {[%emt 0:00:10]} 27. Rec2 {[%emt 0:01:02]} Nxc4 {[%emt 0:00:09]} 28. Rxc4 {[%emt 0:00:13]} Rxc4 {[%emt 0:00:08]} 29. Rxc4 {[%emt 0:00:05]} Rc5 {[%emt 0:00:16]} 30. Ra4 {[%emt 0:00:53]} Nf4 {[%emt 0:00:23]} 31. h4 {[%emt 0:00:32]} Ra5 {[%emt 0:00:49]} 32. Rxa5 {[%emt 0:00:33]} bxa5 {[%emt 0:00:06]} 33. Kf1 {[%emt 0:00:21]} Kf8 {[%emt 0:00:06]} 34. Ke1 {[%emt 0:00:09]} Ke7 {[%emt 0:00:05]} 35. Kd2 {[%emt 0:00:06]} Kd6 {[%emt 0:00:04]} 36. Kc3 {[%emt 0:00:34]} Kc5 {[%emt 0:00:07]} 37. a4 {[%emt 0:00:51]} f6 {[%emt 0:00:07]} 38. Kd2 {[%emt 0:00:52]} g5 {[%emt 0:00:38]} 39. hxg5 {[%emt 0:00:52]} fxg5 {[%emt 0:00:12]} 40. Ke1 {[%emt 0:00:00]} h5 {[%emt 0:00:05]} 41. Kf1 {[%emt 0:01:46]} g4 {[%emt 0:00:17]} 42. fxg4 {[%emt 0:00:16]} hxg4 {[%emt 0:00:06]} 43. Kg1 {[%emt 0:00:19]} Kd4 {[%emt 0:00:05]} 44. Kh2 {[%emt 0:00:39]} Kxe4 {[%emt 0:00:15]} 45. Kg3 {[%emt 0:00:55]} Kf5 {[%emt 0:00:05]} 46. Kh2 {[%emt 0:00:53]} Ne2 {[%emt 0:00:23]} 47. Kg2 {[%emt 0:01:48]} Kf4 {[%emt 0:00:11]} 48. Kh2 {[%emt 0:00:52]} Kf3 {[%emt 0:00:20]} 49. Kh1 {[%emt 0:00:22]} Kxf2 {[%emt 0:00:08]} 50. Kh2 {[%emt 0:00:17]} g3+ {[%emt 0:00:28]} 51. Kh3 {[%emt 0:00:32]} g2 {[%emt 0:00:04]} 52. Kg4 {[%emt 0:00:10]} g1=Q+ {[%emt 0:00:06]} 53. Kf5 {[%emt 0:00:33]} Kf3 {[%emt 0:00:14]} 54. Ke5 {[%emt 0:00:43]} Qg4 {[%emt 0:00:09]} 55. Kd5 {[%emt 0:00:21]} Ke3 {[%emt 0:00:09]} 56. Kc5 {[%emt 0:00:31]} Kd3 {[%emt 0:00:08]} 57. Kb5 {[%emt 0:00:16]} Kc3 {[%emt 0:00:11]} 58. Kxa5 {[%emt 0:00:31]} Qb4+ {[%emt 0:00:07]} 59. Ka6 {[%emt 0:00:27]} Qb6# {[%emt 0:00:05]} 0-1

[Event "EYCC 2017"]
[Site "Mamaia"]
[Date "2017.09.06"]
[Round "2"]
[White "Labaznikova, Kseniya"]
[Black "Zavivaeva, Evelina"]
[Result "1/2-1/2"]
[WhiteElo "1104"]
[BlackElo "1406"]
[Annotator "NA"]
[PlyCount "122"]
[EventDate "2017.??.??"]
[EventType "swiss"]
[EventCountry "ROU"]
[SourceTitle "playchess.com"]
[Source "ChessBase"]
[SourceQuality "1"]
[TimeControl "40/5400+30:1800+30"]

1. e4 {[%emt 0:00:00]} e5 {[%emt 0:00:03]} 2. Nf3 Nc6 3. Bc4 Bc5 {[%emt 0:01:42]} 4. c3 {[%emt 0:00:14]} d6 {[%emt 0:00:13]} 5. d4 {[%emt 0:00:34]} exd4 {[%emt 0:00:09]} 6. cxd4 {[%emt 0:00:20]} Bb6 {[%emt 0:00:13]} 7. h3 {[%emt 0:00:58]} Nf6 {[%emt 0:02:29]} 8. Bg5 {[%emt 0:01:38]} Qe7 {[%emt 0:01:34]} 9. O-O {[%emt 0:03:14]} O-O {[%emt 0:01:08]} 10. Re1 {[%emt 0:05:17]} Rd8 {[%emt 0:04:45]} 11. Nc3 {[%emt 0:02:44]} Qf8 {[%emt 0:17:23]} 12. Nd5 {[%emt 0:04:57]} Be6 {[%emt 0:05:41]} 13. Nxf6+ {[%emt 0:00:51]} gxf6 {[%emt 0:01:04]} 14. d5 {[%emt 0:03:36]} Qg7 {[%emt 0:05:55]} 15. dxe6 {[%emt 0:01:21]} fxg5 {[%emt 0:00:52]} 16. exf7+ {[%emt 0:00:08]} Kh8 {[%emt 0:00:24]} 17. b3 {[%emt 0:01:31]} Na5 {[%emt 0:02:54]} 18. Bd3 {[%emt 0:03:57]} Qxf7 {[%emt 0:00:58]} 19. Qc2 {[%emt 0:01:46]} Qg7 {[%emt 0:01:32]} 20. Rad1 {[%emt 0:02:35]} Nc6 {[%emt 0:00:48]} 21. Re2 {[%emt 0:03:02]} Rf8 {[%emt 0:01:59]} 22. Rde1 {[%emt 0:02:38]} g4 {[%emt 0:01:18]} 23. hxg4 {[%emt 0:00:42]} Qxg4 {[%emt 0:01:12]} 24. Qb2+ {[%emt 0:01:23]} Qg7 {[%emt 0:00:35]} 25. Qxg7+ {[%emt 0:00:27]} Kxg7 {[%emt 0:00:04]} 26. Rf1 {[%emt 0:01:21]} Rad8 {[%emt 0:01:46]} 27. Ng5 {[%emt 0:01:53]} Rde8 {[%emt 0:00:51]} 28. Bc4 {[%emt 0:00:24]} Rf6 {[%emt 0:01:25]} 29. Nf3 {[%emt 0:04:14]} Rf4 {[%emt 0:02:13]} 30. Ng5 {[%emt 0:02:32]} Kg6 {[%emt 0:01:59]} 31. g3 {[%emt 0:01:25]} Rf6 {[%emt 0:01:03]} 32. Nh3 {[%emt 0:00:45]} Nd4 {[%emt 0:00:53]} 33. Rb2 {[%emt 0:03:19]} Kg7 {[%emt 0:01:41]} 34. Nf4 {[%emt 0:02:37]} Re5 {[%emt 0:01:52]} 35. Kg2 {[%emt 0:01:10]} c6 {[%emt 0:01:57]} 36. Bd3 {[%emt 0:01:19]} Ne6 {[%emt 0:01:25]} 37. Nxe6+ {[%emt 0:01:47]} Rexe6 {[%emt 0:00:36]} 38. Re2 {[%emt 0:01:23]} Bd4 {[%emt 0:00:59]} 39. Rd1 {[%emt 0:02:17]} Re5 {[%emt 0:01:39]} 40. f3 {[%emt 0:04:08]} a5 {[%emt 0:31:50]} 41. Ba6 {[%emt 0:00:58]} bxa6 {[%emt 0:00:00]} 42. Rxd4 {[%emt 0:00:23]} Rg6 {[%emt 0:00:00]} 43. Red2 {[%emt 0:00:23]} Rc5 {[%emt 0:00:00]} 44. Rxd6 {[%emt 0:00:41]} Rxd6 {[%emt 0:00:00]} 45. Rxd6 {[%emt 0:00:05]} Rc2+ {[%emt 0:00:00]} 46. Kh3 {[%emt 0:00:09]} Rxa2 {[%emt 0:00:00]} 47. Rxc6 {[%emt 0:00:07]} a4 {[%emt 0:00:00]} 48. bxa4 {[%emt 0:01:02]} Rxa4 {[%emt 0:00:00]} 49. e5 {[%emt 0:00:47]} a5 {[%emt 0:00:00]} 50. Ra6 {[%emt 0:00:13]} Ra1 {[%emt 0:00:00]} 51. f4 {[%emt 0:00:32]} a4 {[%emt 0:00:00]} 52. f5 {[%emt 0:00:09]} a3 {[%emt 0:00:00]} 53. f6+ {[%emt 0:00:27]} Kg6 {[%emt 0:00:00]} 54. g4 {[%emt 0:01:26]} a2 {[%emt 0:00:00]} 55. Kg2 {[%emt 0:00:18]} Re1 {[%emt 0:00:00]} 56. Rxa2 {[%emt 0:00:21]} Rxe5 {[%emt 0:00:00]} 57. Ra6 {[%emt 0:00:24]} h5 {[%emt 0:00:00]} 58. gxh5+ {[%emt 0:00:32]} Rxh5 {[%emt 0:00:00]} 59. Kg3 {[%emt 0:00:16]} Rf5 {[%emt 0:00:00]} 60. Kg4 {[%emt 0:00:40]} Rxf6 {[%emt 0:00:00]} 61. Rxf6+ {[%emt 0:00:19]} Kxf6 {[%emt 0:00:00]} 1/2-1/2